Capitales du Monde - Impossible - Statistiques

Statistiques générales
  • Ce quiz a été pris 42 fois
  • Le résultat moyen est 9 sur 15
Statistiques - réponses
Hint Réponse % Correct
Côte d'Ivoire Yamoussoukro
89%
Erythrée Asmara
83%
Timor oriental Dili
75%
Papouasie Nouvelle Guinée Port Moresby
75%
Brunei Bandar Seri Begawan
72%
Gambie Banjul
72%
Eswatini Mbabane
69%
Sri Lanka Sri Jayawardenepura-Kotte
64%
Guinée équatoriale Malabo
53%
Micronésie Palikir
53%
Palaos Ngerulmud
50%
Tuvalu Funafuti
42%
Kiribati Tarawa
39%
Bhoutan Thimphu
36%
Birmanie Nay Pyi Taw
8%
Aucun quiz correspondant
Distribution des résultats
% des personnes avec chaque résultat
Percentile par nombre de réponses
Votre historique - résultats
Vous n’avez pas pris ce quiz